000 00878nam a2200205Ii 4500
003 JO-AjNU
008 230605s9999||||xx |||||||||||||| ||und||
040 _aJO-AjNU
_bara
_erda
_cJO-AjNU
041 _aara
050 1 4 _aPJ8190.4.M34 2003
100 3 _aالماضي، شكري عزيز,
_eauthor
_962006
245 0 0 _aالرواية العربية في فلسطين والاردن في القرن العشرين مع ببليوجرافيا
250 _aالطبعة العربية الاولى
264 3 1 _aعمان: دار الشروق للنشر والتوزيع، 2003
300 _a154ص
_bيحتوي على ببلوغرافيا من ص 123-154
336 _atext
_btxt
_2rdacontent
337 _aunmediated
_bn
_2rdamedia
338 _avolume
_bnc
_2rdacarrier
650 4 _aالقصة العربية-فلسطين-الاردن-تاريخ ونقد-القرن 20
_962007
999 _aA28056
_c31624
_d31624